LIBRARY & INFORMATION CENTRE, KCAET, TAVANUR

ONLINE PUBLIC ACCESS CATALOGUE (OPAC)

Green House Management (Record no. 15685)

MARC details
000 -LEADER
fixed length control field 00332nam a22001457a 4500
003 - CONTROL NUMBER IDENTIFIER
control field OSt
008 - FIXED-LENGTH DATA ELEMENTS--GENERAL INFORMATION
fixed length control field 190528b ||||| |||| 00| 0 eng d
020 ## - INTERNATIONAL STANDARD BOOK NUMBER
ISBN 9788176220019
082 ## - DEWEY DECIMAL CLASSIFICATION NUMBER
Classification number 635
Item number TAF/GR
100 ## - MAIN ENTRY--AUTHOR NAME
Personal name Taft, L R
245 ## - TITLE STATEMENT
Title Green House Management
260 ## - PUBLICATION, DISTRIBUTION, ETC. (IMPRINT)
Place of publication Delhi
Name of publisher Biotech
Year of publication 2016
300 ## - PHYSICAL DESCRIPTION
Number of Pages 382 p.
942 ## - ADDED ENTRY ELEMENTS (KOHA)
Koha item type Books
Holdings
Withdrawn status Lost status Damaged status Collection code Home library Current library Shelving location Date acquired Cost, normal purchase price Full call number Accession Number Koha item type
      Non-fiction KAUAET KAUAET General Stacks 28/05/2019 1390.00 635 TAF/GR 25897 Books
free website counter